Digital architecture now : (Record no. 23730)
[ view plain ]
| 000 -LEADER | |
|---|---|
| fixed length control field | 02112cam a22003615a 4500 |
| 001 - CONTROL NUMBER | |
| control field | 15905220 |
| 003 - CONTROL NUMBER IDENTIFIER | |
| control field | EG-ScBUE |
| 005 - DATE AND TIME OF LATEST TRANSACTION | |
| control field | 20221031135151.0 |
| 008 - FIXED-LENGTH DATA ELEMENTS--GENERAL INFORMATION | |
| fixed length control field | 090914t2008 enkabe f b 001 0 eng d |
| 020 ## - INTERNATIONAL STANDARD BOOK NUMBER | |
| International Standard Book Number | 9780500342473 (hbk.) |
| 020 ## - INTERNATIONAL STANDARD BOOK NUMBER | |
| International Standard Book Number | 0500342474 (hbk.) |
| 035 ## - SYSTEM CONTROL NUMBER | |
| System control number | (OCoLC)ocn227016199 |
| 040 ## - CATALOGING SOURCE | |
| Original cataloging agency | UKM |
| Language of cataloging | eng |
| Description conventions | rda |
| Transcribing agency | UKM |
| Modifying agency | BTCTA |
| -- | BAKER |
| -- | YDXCP |
| -- | BWKUK |
| -- | BWK |
| -- | BWX |
| -- | CDX |
| -- | BON |
| -- | DLC |
| -- | EG-ScBUE |
| 082 04 - DEWEY DECIMAL CLASSIFICATION NUMBER | |
| Classification number | 721.0285 |
| Item number | SPI |
| Edition number | 22 |
| 100 1# - MAIN ENTRY--PERSONAL NAME | |
| Personal name | Spiller, Neil, |
| Relator term | author. |
| 245 10 - TITLE STATEMENT | |
| Title | Digital architecture now : |
| Remainder of title | a global survey of emerging talent / |
| Statement of responsibility, etc | Neil Spiller. |
| 264 #1 - PUBLICATION, DISTRIBUTION, ETC. (IMPRINT) | |
| Place of publication, distribution, etc | London : |
| Name of publisher, distributor, etc | Thames & Hudson, |
| Date of publication, distribution, etc | [2008] |
| 264 #4 - PUBLICATION, DISTRIBUTION, ETC. (IMPRINT) | |
| Date of publication, distribution, etc | c2008 |
| 300 ## - PHYSICAL DESCRIPTION | |
| Extent | 399 pages : |
| Other physical details | illustrations, maps, plans ; |
| Dimensions | 29 cm |
| 336 ## - CONTENT TYPE | |
| Source | rdacontent |
| Content type term | text |
| Content type code | txt |
| 337 ## - MEDIA TYPE | |
| Source | rdamedia |
| Media type term | unmediated |
| Media type code | n |
| 338 ## - CARRIER TYPE | |
| Source | rdacarrier |
| Carrier type term | volume |
| Carrier type code | nc |
| 504 ## - BIBLIOGRAPHY, ETC. NOTE | |
| Bibliography, etc | Includes bibliographical references and index.<br/> |
| 505 2# - FORMATTED CONTENTS NOTE | |
| Formatted contents note | Foreword. Digital architecture : the history so far -- AMID* architecture -- Asymptote architecture -- Philip Beesley -- Preston Scott Cohen -- Contemporary Architectural Practice (CAP) -- Hernan Diaz Alonso / Xefirotarch -- Dennis Dollens / Exodesic -- Ammar Elouenini / AEDS -- EMERGENT -- Evan Douglis Studio -- Thom Faulders / BEIGE ARCHITECTURE AND DESIGN -- Mark Goulthorpe / deCOi -- Greg Lynn FORM -- Usman Hague / Hague Design + Research -- Jerry Tate Architects -- J. Mayer H. -- Tobias Klein -- KOL/MAC LLC -- Arshia Mahmoodi / Void, inc. -- Marcosandarjan -- Stuart Munro -- Shaun Murray -- Naga Studio Architects -- oceanD -- ORTLOS -- P-A-T-T-E-R-N-S -- Qua'Virach -- Lindy Roy / Roy Co. -- Enric Ruiz-Geli / Cloud9 -- servo -- SIAL -- sixteen*(makers) -- Neil Spiller -- Afterword. Plectic architecture : towards a theory of the post-digital in architecture. |
| 650 #7 - SUBJECT ADDED ENTRY--TOPICAL TERM | |
| Topical term or geographic name as entry element | Architectural design |
| General subdivision | Data processing. |
| Source of heading or term | BUEsh |
| 9 (RLIN) | 2262 |
| 650 #7 - SUBJECT ADDED ENTRY--TOPICAL TERM | |
| Topical term or geographic name as entry element | Architecture |
| General subdivision | Computer-aided design. |
| Source of heading or term | BUEsh |
| 650 #7 - SUBJECT ADDED ENTRY--TOPICAL TERM | |
| Topical term or geographic name as entry element | Architecture, Modern |
| Chronological subdivision | 21st century. |
| Source of heading or term | BUEsh |
| 650 #7 - SUBJECT ADDED ENTRY--TOPICAL TERM | |
| Topical term or geographic name as entry element | Computer graphics. |
| Source of heading or term | BUEsh |
| 9 (RLIN) | 34535 |
| 651 ## - SUBJECT ADDED ENTRY--GEOGRAPHIC NAME | |
| Source of heading or term | BUEsh |
| 653 ## - INDEX TERM--UNCONTROLLED | |
| Resource For college | Engineering, Architecture |
| Arrived date list | December2016 |
| 655 ## - INDEX TERM--GENRE/FORM | |
| Form subdivision | Reading book |
| 942 ## - ADDED ENTRY ELEMENTS (KOHA) | |
| Source of classification or shelving scheme | Dewey Decimal Classification |
| Koha item type | Book - Borrowing |
| Withdrawn status | Lost status | Source of classification or shelving scheme | Damaged status | Not for loan | Collection code | Home library | Current library | Shelving location | Date acquired | Source of acquisition | Cost, normal purchase price | Serial Enumeration / chronology | Total Checkouts | Full call number | Barcode | Date last seen | Cost, replacement price | Koha item type |
|---|---|---|---|---|---|---|---|---|---|---|---|---|---|---|---|---|---|---|
| Dewey Decimal Classification | International Marketing Center | Central Library | Central Library | Second Floor | 25/12/2016 | Purchase | 375.00 | 2546 | 721.0285 SPI | 000040612 | 11/02/2026 | 468.75 | NB - Book (Non borrowing) |